Dirección medioambiental de la empresa : (Record no. 100402)

MARC details
000 -CABECERA
campo de control de longitud fija 00739nam a2200193 a 4500
005 - FECHA Y HORA DE LA ÚLTIMA TRANSACCIÓN
campo de control 20210219154558.0
008 - ELEMENTOS DE LONGITUD FIJA--INFORMACIÓN GENERAL
campo de control de longitud fija 030827s1998 mx r 000 0 spa d
020 ## - NÚMERO INTERNACIONAL NORMALIZADO PARA LIBROS
Número Internacional Estándar del Libro 8480882972
035 ## - NÚMERO DE CONTROL DEL SISTEMA
Número de control de sistema UPN01000128223
049 ## - COLECCIÓN
Colección CG
050 #4 - SIGNATURA TOPOGRÁFICA DE LA BIBLIOTECA DEL CONGRESO
Número de clasificación HD30.255
Número de documento/Ítem R6.2
100 1# - ASIENTO PRINCIPAL--NOMBRE PERSONAL
Nombre de persona Rodríguez-Badal, Miguel Angel
245 10 - MENCIÓN DE TÍTULO
Título Dirección medioambiental de la empresa :
Resto del título gestión estratégica del reto medioambiental : conceptos, ideas y herramientas /
Mención de responsabilidad, etc. Miguel Angel Rodríguez-Badal, Joan Enric Ricart.
260 ## - PUBLICACIÓN, DISTRIBUCIÓN, ETC.
Lugar de publicación, distribución, etc. Barcelona, Esp. :
Nombre del editor, distribuidor, etc. Gestión 2000,
Fecha de publicación, distribución, etc. 1998.
300 ## - DESCRIPCIÓN FÍSICA
Extensión 185 p. :
Otras características físicas tablas, figs., +
Material acompañante/anejo 1 CD-ROM
650 #4 - ASIENTO SECUNDARIO DE MATERIA - TERMINO TEMATICO
Término de materia o nombre geográfico como elemento de entrada INDUSTRIAS -
Subdivisión general ASPECTOS AMBIENTALES -
-- ADMINISTRACION
700 1# - ASIENTO SECUNDARIO--NOMBRE DE PERSONAL
Nombre de persona Ricart i Costa, Joan Enric,
Término indicativo de función/relación coaut.
905 ## - TIPO DE MATERIAL
Tipo de material Libro
Holdings
Estado de retiro Estado de pérdida Fuente del sistema de clasificación o colocación Estado dañado No para préstamo Código de colección Localización permanente Ubicación/localización actual Ubicación en estantería Total de préstamos Clasificación Código de barras Fecha visto por última vez Número de copia Tipo de ítem Koha Fecha de adquisición Precio válido a partir de Nota pública
    Library of Congress Classification     Colección General Bib. Gregorio Torres Quintero Bib. Gregorio Torres Quintero Planta baja   HD30.255 R6.2 205369 31/12/2020 1 Libro      
    Library of Congress Classification     Materiales complementarios y otros recursos electrónicos  Bib. Gregorio Torres Quintero Bib. Gregorio Torres Quintero Mostrador de préstamo Planta baja   HD30.255 R6.2 339185 25/06/2024   Disco Compacto 25/06/2024 25/06/2024 Solicítalo en el mostrador de préstamo